000 00794nam a22002177a 4500
005 20260428153432.0
008 260428b |||||||| |||| 00| 0 eng d
020 _a9789354425790 (pbk)
037 _cREF
040 _aCRL
_cCRL
041 _2eng
_aeng
084 _aY15z7 R0 (RR)
_qCRL
100 _aForbes, Geradine
_91235875
245 _aLost lettres and feminist history:
_bthe political friendship of Mohandas K. Gandhi and Sarala Devi Chaudhurani
260 _aHyderabad, India:
_bOrient Blackswan Private Limited,
_c2020.
300 _axvii, 170p.
650 _aSociology
650 _aFeminist
942 _2CC
_cREF
_hY15z7 R0 (RR)
_n0
999 _c1848594
_d1848594